000 00633cam4a220022900 4500
001 qce01254473
005 20190813173929.0
008 770221s1967 moua b 001 0 eng
010 _a 67026004
035 _a(Sirsi) r67378
035 _a(QCAT)lss01498993
035 _a(UPRA)qce01254473
040 _dUPRA
050 _aRC126
_b.F33
100 1 _aFelsenfeld, Oscar.
_6A27164.1
245 1 4 _aThe cholera problem.
260 _aSt. Louis :
_bW.H. Green,
_c[1967]
504 _aIncludes bibliographical references.
650 0 _aCholera.
_6S19394.1
949 _aRC126
_wLC
_i-90287
_mMEDICAL
_tBOOK
_lON-SHELF
004 67378
999 _c43313
_d43313